000 00657nam a2200229Ia 4500
003 OSt
005 20220926045533.0
006 a|||||r|||| 00| 0
007 ta
008 220923b |||||||| |||| 00| 0 eng d
037 _cGeneral Book
040 _aRTL
_cRTL
_beng
041 _2eng
_aeng
082 _aZ.243s N, N9/FIR
110 _aPunjab District Gazetteers
_9350333
245 0 _aFirozpur (Supplement). cahndigarh. Revenue and Rehabiltation Department, 1999
260 _c1999
300 _a216p.
_ccm.
700 _aPunjab District Gazetteers
_9350334
942 _hZ.243s N, N9/FIR
_cGB
_2CC
999 _c677873
_d677873